000 00557nam a2200181Ia 4500
003 IN-BaIIA
008 211028s9999 xx 000 0 eng d
020 _a978-0-521-89935-2
040 _cIIA Library
080 _a(03)52
_bPAT
245 0 _aPatrick Moore's data book of astronomy
_cedited by Patrick Moore and Robin Ress
260 _aCambridge
_bCambridge University Press
_c2011
300 _aix, 576p.
650 _aAstronomy-Handbooks, manual etc.
_934454
700 _aMoore, Patrick, ed.
_94628
700 _aRess, Robin, ed.
_934455
942 _cBK
999 _c18081
_d18081